Statistics for Smallest Country with Letter - Population

Click here to take the quiz!

General Stats

  • This quiz has been taken 13 times
  • The average score is 14 of 26

Answer Stats

LetterCountry% Correct
AVatican City
92%
IVatican City
92%
CVatican City
92%
VVatican City
92%
TVatican City
92%
NVatican City
83%
YVatican City
75%
UNauru
67%
PPalau
58%
RNauru
58%
SSan Marino
50%
KSaint Kitts and Nevis
50%
MSan Marino
50%
OSan Marino
50%
QEquatorial Guinea
42%
FFederated States of Micronesia
42%
XLuxembourg
42%
HLiechtenstein
42%
ZBelize
33%
ELiechtenstein
33%
LTuvalu
33%
JFiji
33%
BKiribati
25%
DMarshall Islands
17%
GAntigua and Barbuda
17%
WSwaziland
8%

Score Distribution

Percentile by Number Answered

Percent of People with Each Score

Your Score History

You have not taken this quiz